000 00684nam a2200289Ia 4500
005 20260324134136.0
008 008 260324s9999 xx 000 0 eng d
020 _a9781315220055
037 _aEBOOK
040 _aCRL
040 _beng
040 _cCRL
041 _2eng
041 _aeng
084 _qCRL
100 _aRalph D. Hippenstiel
_91195728
245 0 _aDetection Theory
245 0 _bApplications and Digital Signal Processing
260 _bTaylor and Francis
260 _c2002
365 _a
365 _b305
856 _uhttp://www.taylorfrancis.com/books/9781315220055
942 _cEBOOK
999 _c1795474
_d1795474